Top 22 Cites of Gabon on a Map Quiz Stats

 Plays Quiz not verified by Sporcle

Score 0/22 Timer 10:00
0 Plays Today
% Correct
Libreville
96.9%
Port-Gentil
90.6%
Franceville
87.5%
Oyem
75%
Lambaréné
71.9%
Moanda
68.8%
Tchibanga
62.5%
Ntoum
62.5%
Gamba
59.4%
Mouila
50%
Ndendé
46.9%
% Correct
Bitam
40.6%
Lastoursville
37.5%
Makokou
34.4%
Booué
34.4%
Lébamba
28.1%
Ndjolé
28.1%
Okondja
25%
Mitzic
25%
Mounana
21.9%
Mékambo
21.9%
Lékoni
15.6%

You're not logged in!

Compare scores with friends on all Sporcle quizzes.
OR
Log In

Sporcle TV

Today on Sporcle TV


Watch our educational content, quiz creation guides, and fun videos on Sporcle TV.

Show Comments

Extras

Created Jul 24, 2016SourceReportNominate
Tags:cite, map

Top Quizzes Today


Score Distribution

Your Account Isn't Verified!

In order to create a playlist on Sporcle, you need to verify the email address you used during registration. Go to your Sporcle Settings to finish the process.

Report this User

Report this user for behavior that violates our Community Guidelines.

Details: